书目信息 |
| 题名: |
不单纯空间
|
|
| 作者: | 左正尧, 著 | |
| 分册: | ||
| 出版信息: | 石家庄 河北美术出版社 2002 |
|
| 页数: | 58页 | |
| 开本: | 23cm | |
| 丛书名: | 设计时代 | |
| 单 册: | ||
| 中图分类: | J314.8 | |
| 科图分类: | ||
| 主题词: | 陶瓷--tao ci--雕塑--创作--中国--现代 , 陶瓷--tao ci--雕塑--艺术家--访谈录--中国--现代 | |
| 电子资源: | ||
| ISBN: | 7-5310-1906-X | |
| 000 | 01071nam 2200277 450 | |
| 001 | CAL 012003163551 | |
| 005 | 20070718170534.50 | |
| 010 | @a7-5310-1906-X@dCNY19.80 | |
| 100 | @a20020917d2002 em y0chiy0121 ea | |
| 101 | 0 | @achi |
| 102 | @aCN@b130000 | |
| 105 | @aa z 000yd | |
| 200 | 1 | @a不单纯空间@Abu dan chun kong jian@f左正尧著 |
| 210 | @a石家庄@c河北美术出版社@d2002 | |
| 215 | @a58页@c彩图@d23cm | |
| 225 | 2 | @a设计时代@Ashe ji shi dai@e国内著名艺术设计工作室创意报告@i陶瓷艺术设计类 |
| 314 | @a左正尧(1960~),生于湖北。广东美术馆学术研究及展览策划人。著有《不单纯空间左正尧谈话录》等。 | |
| 330 | @a本书是作者对《走过一圈才知道》、《流水帐》、《扁月亮》、《长笛》、《骨牌》、《在一起的时候》、《食》、《住》、《行》等作品的评论。 | |
| 410 | 0 | @12001 @a设计时代 |
| 410 | 0 | @12001 @a陶瓷艺术设计类 |
| 606 | 0 | @a陶瓷@Atao ci@x雕塑@x创作@y中国@z现代 |
| 606 | 0 | @a陶瓷@Atao ci@x雕塑@x艺术家@x访谈录@y中国@z现代 |
| 690 | @aJ314.8@v4 | |
| 701 | 0 | @a左正尧,@Aazuo zheng yao@f1960-@4著 |
| 801 | 0 | @aCN@bPFT@c20070718 |
| 905 | @a10447@dJ314.8@e23 | |
| 不单纯空间/左正尧著.-石家庄:河北美术出版社,2002 |
| 58页:彩图;23cm.-(设计时代:国内著名艺术设计工作室创意报告.陶瓷艺术设计类) |
| ISBN 7-5310-1906-X:CNY19.80 |
| 本书是作者对《走过一圈才知道》、《流水帐》、《扁月亮》、《长笛》、《骨牌》、《在一起的时候》、《食》、《住》、《行》等作品的评论。 |
| ● |
| 相关链接 |
|
|
|
|
正题名:不单纯空间
索取号:J314.8/23
 
预约/预借
| 序号 | 登录号 | 条形码 | 馆藏地/架位号 | 状态 | 备注 |
| 1 | 0780610 | 207806105 | 第一样本阅览室/ [索取号:J314.8/23] | 在馆 | |
| 2 | 0780611 | 207806114 | 第一借阅区/ [索取号:J314.8/23] | 在馆 | |
| 3 | 0780612 | 207806123 | 第一借阅区/ [索取号:J314.8/23] | 在馆 | |
| 4 | 0780613 | 207806132 | 第一借阅区/ [索取号:J314.8/23] | 在馆 | |
| 5 | 0780614 | 207806141 | 第一借阅区/ [索取号:J314.8/23] | 在馆 | |
| 6 | 0780615 | 207806150 | 第一借阅区/ [索取号:J314.8/23] | 在馆 |